| 000 | 02597nam a22003617a 4500 | ||
|---|---|---|---|
| 003 | OSt | ||
| 005 | 20240822161749.0 | ||
| 008 | 240411b |||||||| |||| 00| 0 eng d | ||
| 015 | _aM-25112-2005 | ||
| 020 | _a84-8403-858-0 | ||
| 040 |
_cBiblioteca Especializada de Derecho _dBiblioteca Especializada de Derecho _eRDA |
||
| 041 |
_aspa _hspa |
||
| 043 | _aS-sp | ||
| 082 |
_221 _a920.8 |
||
| 092 |
_a920.8 _SC268a |
||
| 100 |
_92967 _aCordona, Castro Francisco Luis _eAutor |
||
| 245 |
_aABRAHAM LINCOLN : _bGRANDES BIOGRAFIAS |
||
| 250 | _aPrimera edición : | ||
| 260 |
_aMadrid-España _bEdimat Libros, S.A. _c2005 |
||
| 300 |
_a187 Páginas ; _bTapa dura ; _c23 x14 centímetros, _fImpreso ; |
||
| 336 |
_2rdacontent _atexto _btxt |
||
| 337 |
_2rdanomedia _ano mediado _bn |
||
| 338 |
_2rdacarrie _avolumen _bnc |
||
| 505 | _a1. --Nace un presidente. 2. --La adolescencia de Abraham Lincoln. 3. --Manera de ganarse el sustento. 4. --Cambi0o de frente. 5. --Los sentimientos íntimos de un hombre publico. 6. --El nuevo legislador. 7. --Abraham Lincoln encuentra esposa. 8. --Lincoln abogado. 9. --Lincoln en el Congreso. 10. --Las disputas en familia. 11. --Lincoln, republicano. 12. --La gran convención del Partido Republicano. 13. --Un cambio de vida. 14. --Retrato de un presidente. 15. --El carácter de Abraham Lincoln. 16. --Como vivía Abraham Lincoln. 17. --El chispazo del Fuerte Sumter. 18. --La Guerra de Sececion. 19. --La batalla de Bull Run. 20. --La defensa de Washington. 21.--El final del esclavismo. 22. --Continuación de la guerra. 23. --La oración de Gettysburg. 24. --Lincoln, reelegido. 25. --Ulysses S. Grant. 26. --Final de la Guerra de Sececion. 27. --La proximidad del fin. 28. --La conspiración. 29. --Un sueño funesto. 30.--El asesinato. | ||
| 520 | _aEstos libros económicos presentan biografías breves de figuras históricas destacadas, centrándose en su niñez, motivaciones, triunfos y legado. La serie resalta la vida y logros de personajes como Lincoln, enfocándose en su defensa de los valores democráticos y su lucha contra la esclavitud, destacando su generosidad y nobleza como sí. | ||
| 521 | _aEste libro está dirigido a estudiantes, lectores interesados en historia, así como a aquellos que buscan una comprensión más profunda de las figuras destacadas que han influido en la historia. | ||
| 650 |
_aHistória Politica de las Naciones Originarias _92968 |
||
| 653 | _afiguras historicas | ||
| 653 | _aProtagonistas | ||
| 653 | _aIconos históricos | ||
| 700 |
_aFranch, Manuel Mas _92984 |
||
| 942 |
_2ddc _cBK _n0 _e21 |
||
| 999 |
_c2449 _d2449 |
||